000 01082nam2a2200313 4500
001 RU\NLR\bibl\244833
005 20250619114825.0
010 _a5-7218-0368-1
_91000
021 _aRU
_b2001-56858
_92767
035 _a(NLR Aleph) 000240693
090 _a1402735
_c1402735
100 _a20020320d2001 |||y0rusy50 ca
101 0 _aeng
102 _aRU
105 _aa |||||||||
200 0 _aЧ. 2
210 _d2001
_aБ. м.
215 _a71 с.
_cил.
461 0 _1001RU\NLR\bibl\256440
_12001#$aEnglish for managers$vЧ. 2
_91471706
_aТихова, Е. А.
_cМ.
_d2001
_fЕ.А. Тихова, Е.И. Толстикова
_nТЕИС
_tEnglish for managers
_vЧ. 2
610 0 _aАнглийский язык - Хрестоматии
610 0 _aМенеджмент - Хрестоматии на иностранных языках
675 _a811.111(075.8)
_v3
_zrus
686 _a81.2Англ-923
_2rubbk
801 0 _aRU
_bRKP
_c20020320
_gPSBO
801 1 _aRU
_bRKP
_c20020320
801 2 _aRU
_bNLR
_c20020514
_grcr
942 _cBOOK
980 _aNB